Appleton v Aspin and others (Record no. 7738)
[ view plain ]
| 000 -LEADER | |
|---|---|
| fixed length control field | 01490cab a2200193 4500 |
| 001 - CONTROL NUMBER | |
| control field | ABS38711 |
| 008 - FIXED-LENGTH DATA ELEMENTS--GENERAL INFORMATION | |
| fixed length control field | 090401t1988 xxu||||| |||| 00| 0 eng d |
| 035 ## - SYSTEM CONTROL NUMBER | |
| System control number | (Sirsi) u12095 |
| 041 ## - LANGUAGE CODE | |
| Language code of text/sound track or separate title | eng |
| 245 ## - TITLE STATEMENT | |
| Title | Appleton v Aspin and others |
| 260 ## - PUBLICATION, DISTRIBUTION, ETC. | |
| Date of publication, distribution, etc. | 1988 |
| 350 ## - PRICE (NR) (BK AM CF MU VM SE) [OBSOLETE] | |
| Price | 0 |
| 490 ## - SERIES STATEMENT | |
| Series statement | Estates Gazette |
| Volume/sequential designation | (8804) 30 January 1988, 123-127(3) |
| 520 ## - SUMMARY, ETC. | |
| Summary, etc. | CA 19 November 1987. An appeal by the protected tenant of a freehold house from a decision in the ChD granting possession of the house to the purchaser, the plaintiff, in an action for specific performance . At issue was whether the Rent Act 1977 s98(1) forbids the court from making a possession order against a protected tenant who, joining with the landlord, the vendor, agreed with the purchaser to give vacant possession on completion. Briefly, the tenant, Mrs Plane, bought a house which was conveyed to her daughter, Mrs Aspin, but she continued to live there under an " occupation agreement ". Subsequently, an agreement for the sale of the house was entered into with the plaintiff, who insisted a special condition should be included in the contract whereby Mrs Plane undertook not to enforce any right of possession or occupation against the purchaser. Both Mrs Plane and Mrs Aspin signed the contract. After completion, the tenant did not give possession to the purchaser and he started |
| 650 ## - SUBJECT ADDED ENTRY--TOPICAL TERM | |
| Topical term or geographic name entry element | PROTECTED TENANCY |
| 690 ## - LOCAL SUBJECT ADDED ENTRY--TOPICAL TERM (OCLC, RLIN) | |
| Topical term or geographic name as entry element | LANDLORD AND TENANT-CASE LAW-RESIDENTIAL TENANCIES |
| 942 ## - ADDED ENTRY ELEMENTS (KOHA) | |
| Suppress in OPAC | 0 |
| 948 ## - LOCAL PROCESSING INFORMATION (OCLC); SERIES PART DESIGNATOR (RLIN) | |
| c (OCLC) | 04/03/1997 |
| Withdrawn status | Lost status | Source of classification or shelving scheme | Damaged status | Not for loan | Home library | Current library | Shelving location | Date acquired | Total Checkouts | Full call number | Barcode | Date last seen | Copy number | Price effective from | Koha item type |
|---|---|---|---|---|---|---|---|---|---|---|---|---|---|---|---|
| Dewey Decimal Classification | London | London | Journal article | 14/09/1999 | ABS38711 | 12095-1001 | 06/08/2019 | 1 | 06/08/2019 | Law report |